Statistics for Manchester United Champions League Final Winning Team 1999

Click here to take the quiz!

General Stats

  • This quiz has been taken 3,813 times
    (594 since last reset)
  • The average score is 12 of 19

Answer Stats

PositionPlayer% Correct
CMDavid Beckham
91%
GKPeter Schmeichel
91%
RBGary Neville
89%
ManagerAlex Ferguson
88%
RMRyan Giggs
88%
DFPhillip Neville
87%
STAndy Cole
81%
STOle Gunnar Solskjær
80%
STDwight Yorke
79%
STTeddy Sheringham
73%
CBJaap Stam
70%
LBDenis Irwin
67%
CMNicky Butt
58%
CBRonny Johnsen
39%
LMJesper Blomqvist
36%
DFWes Brown
34%
DFDavid May
23%
GKRaimond van der Gouw
23%
MFJonathan Greening
13%

Score Distribution

Percentile by Number Answered

Percent of People with Each Score

Your Score History

You have not taken this quiz since the last reset